| 000 | 00617nam a2200229 a 4500 | ||
|---|---|---|---|
| 005 | 20210219153150.0 | ||
| 008 | 991125n 000 0 u | ||
| 035 | _aUPN01000081371 | ||
| 100 | _aHoerr, Thomas R. | ||
| 222 | _aEDUCATIONAL LEADERSHIP | ||
| 245 | _aHow our school applied multiple intelligences theory | ||
| 300 | _a67-68 | ||
| 362 | _a50, No. 2, 1992 | ||
| 505 | _aFebrero 1993 | ||
| 653 | 0 | _aDESARROLLO DE PROGRAMAS | |
| 653 | 0 | _aDISE\197O CURRICULAR | |
| 653 | 0 | _aINTELIGENCIA | |
| 653 | 0 | _aMODALIDADES DE APRENDIZAJE | |
| 653 | 0 | _aMODELOS | |
| 904 |
_aAC _b019182 |
||
| 905 | _aArticulo | ||
| 999 |
_c69940 _d69940 |
||